Norm Macdonald Quiz - Statistics

General Stats
  • This quiz has been taken 28 times
  • The average score is 7 of 15
Answer Stats
Hint Answer % Correct
What reminds him of that tragedy? 911
96%
What country is Norm from? Canada
87%
Holocaust denying co-host of NML Adam Eget
78%
What insect went into the podiatrist office? Moth
74%
Who does Norm like less the more he knows about him? Adolf Hitler
65%
Who murdered two people OJ Simpson
65%
NML's first guest Super Dave Osborne
48%
Name of Norm's Burt Reynolds character Turd Ferguson
48%
Whose gonna feed them ____? Hogs
39%
They ship razor blades to your front door Dollar Shave Club
30%
Where is Adam Egrets favorite bridge? Queensboro
30%
You guessed it, Frank Stallone
26%
Who should you not mess with when he's been drinking? Uncle Terry
26%
Chicken, steak, has never tasted so good Mangrate
22%
What turned Norm into a big fat guy? KFC
13%
No matching quizzes found
Score Distribution
Percent of People with Each Score
Percentile by Number Answered
Your Score History
You have not taken this quiz